000 00465nam a2200181Ia 4500
001 15024
003 IN-NITTTR
005 20251114233141.0
008 251113s9999||||xx |||||||||||||| ||eng||
040 _beng
040 _cIN-NITTTR
041 _aeng
082 _a658.9385 R18H
100 _aRao, Gangadhara M.
245 0 _aHuman resources management in Indian railways. /
_cRao, Gangadhara M., Rao, Subba P.
700 _a Rao, Subba P.
942 _2ddc
_cBK
999 _c17659
_d17659